00728nam a2200241 a 4500001001300000003000900013005001700022008004100039020001000080082001900090100003700109245003000146260005200176300000900228500003500237505001000272650001800282700003700300902000800337942000700345952011900352999001500471nice12345678IN_TiNIC20260116012213.0050524s0000 lona grp 000 0 per  ac10000a225.59155bBFS aBritish & Foreign, Bible Society aNew Testament in Persian. aLondonbBritish and Foreign Bible Societyc0000 a916p aincludes index and biblioraphy2 aIndex aBible-Persian1 aBritish & Foreign, Bible Society bSRS cBK 001040708StackRoom-aHMIbHMId2007-06-19g100.00l0o225.59155 BFSp07976r2007-06-19v100.00w2005-05-24yBK c6063d6063